[Event "Remote No Engine Nah2-19 email"]
[Site "Remote email"]
[Date "2014.08.25"]
[Round "?"]
[White "Decking, Lutz"]
[Black "Cabrera Trujillo, Claudio Tomas"]
[Result "1-0"]
[WhiteElo "2077"]
[BlackElo "1882"]
[PlyCount "41"]
[EventDate "2014.??.??"]
[EventType "tourn (corr)"]
[EventRounds "4"]
[EventCountry "GER"]
[SourceTitle "Corr 2015"]
[Source "ChessBase"]
[SourceDate "2015.07.17"]
[SourceVersion "1"]
[SourceVersionDate "2015.07.17"]
[SourceQuality "1"]

1. Nf3 c5 2. c4 g6 3. Nc3 Bg7 4. e4 Nc6 5. Be2 a6 6. Rb1 d6 7. 0-0 e6 8. a3 Nge7 9. b4 Nd4 10. Bb2 0-0 11. bxc5 dxc5 12. Na4 Qa5 13. Bxd4 cxd4 14. Nb6 Rb8 15. a4 Nc6 16. Qb3 Rd8 17. d3 Ne7 18. Qa3 Bf8 19. Qa1 e5 20. Nd5 Nxd5 21. cxd5 1-0

[Event "Remote S7E Basic-74 email"]
[Site "Remote email"]
[Date "2014.02.20"]
[Round "?"]
[White "Decking, Lutz"]
[Black "Mantau, Jan"]
[Result "1-0"]
[WhiteElo "2080"]
[BlackElo "1977"]
[PlyCount "39"]
[EventDate "2014.??.??"]
[EventType "tourn (corr)"]
[EventRounds "6"]
[EventCountry "GER"]
[SourceTitle "Corr 2015"]
[Source "ChessBase"]
[SourceDate "2015.07.17"]
[SourceVersion "1"]
[SourceVersionDate "2015.07.17"]
[SourceQuality "1"]

1. d4 Nf6 2. c4 g6 3. Nf3 Bg7 4. Nc3 0-0 5. e4 d6 6. Be2 e5 7. dxe5 dxe5 8. Qxd8 Rxd8 9. Bg5 Re8 10. 0-0 c6 11. h3 Na6 12. Be3 Nc7 13. Rad1 Ne6 14. Rd2 Nf4 15. Bd1 N6h5 16. Kh2 f5 17. Bc2 Be6 18. Rfd1 Bxc4 19. exf5 Be2 20. Nxe2 1-0

[Event "Remote S5E No Engine email"]
[Site "Remote email"]
[Date "2013.12.31"]
[Round "?"]
[White "Berner, Ralph"]
[Black "Decking, Lutz"]
[Result "1/2-1/2"]
[WhiteElo "2239"]
[BlackElo "2077"]
[PlyCount "71"]
[EventDate "2013.??.??"]
[EventType "tourn (corr)"]
[EventRounds "6"]
[EventCountry "GER"]
[SourceTitle "Corr 2015"]
[Source "ChessBase"]
[SourceDate "2015.07.17"]
[SourceVersion "1"]
[SourceVersionDate "2015.07.17"]
[SourceQuality "1"]

1. d4 d5 2. c4 c6 3. Nf3 Nf6 4. Nc3 e6 5. e3 Be7 6. Bd3 dxc4 7. Bxc4 0-0 8. 0-0 b5 9. Bd3 Nbd7 10. e4 Bb7 11. e5 Nd5 12. Ne4 a6 13. Qc2 Nb4 14. Qe2 Nxd3 15. Qxd3 f5 16. exf6 Bxf6 17. Nxf6+ Rxf6 18. Bg5 Rxf3 19. Qxf3 Qxg5 20. Rfe1 Rb8 21. Rxe6 c5 22. Qg3 Qxg3 23. hxg3 cxd4 24. Rd1 Nc5 25. Rd6 Na4 26. b3 Nc3 27. Re1 Nxa2 28. Rxd4 a5 29. Rd7 Bc6 30. Rc7 Re8 31. Ra1 Nb4 32. Rxa5 h6 33. Raa7 g5 34. Rg7+ Kh8 35. Rh7+ Kg8 36. Rag7+ 1/2-1/2

[Event "Remote S5E No Engine-255 email"]
[Site "Remote email"]
[Date "2013.12.31"]
[Round "?"]
[White "Decking, Lutz"]
[Black "Pirs, Matjaz"]
[Result "0-1"]
[WhiteElo "2080"]
[BlackElo "2506"]
[PlyCount "56"]
[EventDate "2013.??.??"]
[EventType "tourn (corr)"]
[EventRounds "4"]
[EventCountry "GER"]
[SourceTitle "Corr 2015"]
[Source "ChessBase"]
[SourceDate "2015.07.17"]
[SourceVersion "1"]
[SourceVersionDate "2015.07.17"]
[SourceQuality "1"]

1. d4 f5 2. c4 Nf6 3. Nc3 d6 4. Bf4 g6 5. Nf3 Bg7 6. Rb1 a5 7. Qc1 0-0 8. Bh6 e5 9. Bxg7 Kxg7 10. dxe5 dxe5 11. Nxe5 Re8 12. Nf3 Na6 13. e3 f4 14. Be2 fxe3 15. fxe3 Bf5 16. Ra1 Ng4 17. Nd5 Nb4 18. Qc3+ Kg8 19. 0-0 Nxd5 20. cxd5 Rxe3 21. Qc4 Qd6 22. g3 Rae8 23. Rae1 R8e4 24. Qb5 Bd7 25. Qxb7 Rxe2 26. Rxe2 Rxe2 27. Qa8+ Kg7 28. Qxa5 Qb6+ 0-1

[Event "Remote S7E Schnell-99 email"]
[Site "Remote email"]
[Date "2013.11.17"]
[Round "?"]
[White "Decking, Lutz"]
[Black "Witt, Monika"]
[Result "1-0"]
[WhiteElo "2128"]
[BlackElo "1451"]
[PlyCount "73"]
[EventDate "2013.??.??"]
[EventType "tourn (corr)"]
[EventRounds "6"]
[EventCountry "GER"]
[SourceTitle "Corr 2015"]
[Source "ChessBase"]
[SourceDate "2015.07.17"]
[SourceVersion "1"]
[SourceVersionDate "2015.07.17"]
[SourceQuality "1"]

1. d4 d5 2. c4 e6 3. a3 h6 4. Nc3 a6 5. Nf3 f6 6. e4 Ne7 7. e5 Nec6 8. Nh4 Kd7 9. cxd5 exd5 10. g3 Qe8 11. Bh3+ Kd8 12. Bxc8 Kxc8 13. Qg4+ Nd7 14. e6 Nb6 15. 0-0 h5 16. Qh3 Nxd4 17. e7+ Nd7 18. exf8Q Rxf8 19. Be3 Nc2 20. Rad1 Nxe3 21. Rde1 Nxf1 22. Rxe8+ Rxe8 23. Kxf1 d4 24. Nb1 d3 25. Nf3 g6 26. g4 Re2 27. gxh5 Rxb2 28. Nfd2 Rc2 29. hxg6 Rc1+ 30. Kg2 b5 31. g7 Kb7 32. Qxd7 Rg8 33. Qd5+ Rc6 34. Qxg8 f5 35. Qd5 f4 36. g8Q Kb6 37. Qb8+ 1-0

[Event "Remote S7E Schnell-98 email"]
[Site "Remote email"]
[Date "2013.10.24"]
[Round "?"]
[White "Decking, Lutz"]
[Black "Faust, Dieter"]
[Result "1-0"]
[WhiteElo "2128"]
[BlackElo "2036"]
[PlyCount "63"]
[EventDate "2013.??.??"]
[EventType "tourn (corr)"]
[EventRounds "6"]
[EventCountry "GER"]
[SourceTitle "Corr 2015"]
[Source "ChessBase"]
[SourceDate "2015.07.17"]
[SourceVersion "1"]
[SourceVersionDate "2015.07.17"]
[SourceQuality "1"]

1. d4 Nf6 2. c4 e6 3. Nc3 Bb4 4. Nf3 b6 5. e3 Bb7 6. Bd3 0-0 7. 0-0 Re8 8. Bd2 d6 9. a3 Bxc3 10. Bxc3 Nbd7 11. Nd2 e5 12. b4 exd4 13. exd4 d5 14. Qc2 dxc4 15. Nxc4 Nf8 16. Ne5 Ne6 17. f4 h6 18. Rad1 Qd6 19. d5 Bxd5 20. Bb5 a6 21. Bxe8 Rxe8 22. Nc4 Qc6 23. Ne3 Nf8 24. Qc1 N8d7 25. Rfe1 Be4 26. Bb2 Qxc1 27. Rxc1 Rc8 28. Red1 Kh7 29. Ng4 c6 30. Rd6 Nxg4 31. Rxd7 Kg6 32. Rc3 1-0

[Event "Remote S7E Schnell-96 email"]
[Site "Remote email"]
[Date "2013.08.20"]
[Round "?"]
[White "Decking, Lutz"]
[Black "Spieler, Freakie"]
[Result "1/2-1/2"]
[WhiteElo "2143"]
[BlackElo "2244"]
[PlyCount "98"]
[EventDate "2013.??.??"]
[EventType "tourn (corr)"]
[EventRounds "6"]
[EventCountry "GER"]
[SourceTitle "Corr 2015"]
[Source "ChessBase"]
[SourceDate "2015.07.17"]
[SourceVersion "1"]
[SourceVersionDate "2015.07.17"]
[SourceQuality "1"]

1. d4 Nf6 2. c4 g6 3. Nc3 Bg7 4. Nf3 d6 5. e4 0-0 6. Be2 e5 7. dxe5 dxe5 8. Qxd8 Rxd8 9. Bg5 Be6 10. Nd5 Bxd5 11. cxd5 Nbd7 12. Nd2 h6 13. Be3 Rac8 14. Rc1 Bf8 15. f3 Kg7 16. Kf2 Nb6 17. Nb3 Bd6 18. Nc5 Rb8 19. b4 Rdc8 20. a4 Nbd7 21. Rhd1 b6 22. Na6 Ra8 23. Rc2 Nb8 24. h4 Nh5 25. Rdc1 Nxa6 26. Bxa6 Re8 27. Rxc7 Bxb4 28. R7c6 Rad8 29. g3 Ba3 30. R1c2 Bb4 31. Bb5 Re7 32. Kg2 Bd6 33. Bc1 Bc5 34. a5 Nf6 35. axb6 axb6 36. Bxh6+ Kxh6 37. Rxf6 Kg7 38. Rc6 Ra7 39. Kh3 Ra3 40. Be2 Rda8 41. d6 Rd8 42. Rd2 Re3 43. d7 Kf8 44. Bc4 Ke7 45. Rd5 Rxd7 46. Rxe5+ Kd8 47. Kg2 Rd2+ 48. Kh3 Rxf3 49. h5 gxh5 1/2-1/2

[Event "Remote S7E Schnell-96 email"]
[Site "Remote email"]
[Date "2013.08.20"]
[Round "?"]
[White "Klein, Werner"]
[Black "Decking, Lutz"]
[Result "1-0"]
[WhiteElo "1709"]
[BlackElo "2143"]
[PlyCount "71"]
[EventDate "2013.??.??"]
[EventType "tourn (corr)"]
[EventRounds "6"]
[EventCountry "GER"]
[SourceTitle "Corr 2015"]
[Source "ChessBase"]
[SourceDate "2015.07.17"]
[SourceVersion "1"]
[SourceVersionDate "2015.07.17"]
[SourceQuality "1"]

1. e4 e5 2. Nf3 Nc6 3. Bc4 Bc5 4. 0-0 Nf6 5. d3 h6 6. Nc3 a6 7. Re1 d6 8. h3 0-0 9. Nd5 b5 10. Nxf6+ Qxf6 11. Bd5 Bd7 12. c3 Rab8 13. b4 Bb6 14. a4 Ne7 15. Bb3 Bc8 16. Be3 Bxe3 17. Rxe3 c6 18. d4 Bb7 19. Qd3 Rbd8 20. Rc1 c5 21. axb5 axb5 22. dxe5 dxe5 23. Qxb5 Bc6 24. Qxc5 Rc8 25. Qb6 Rb8 26. Qc5 Ng6 27. Rd1 Rfd8 28. Red3 Nf4 29. Rd6 Ne2+ 30. Kf1 Rxd6 31. Rxd6 Qe7 32. Rxc6 Qxc5 33. Rxc5 Nc1 34. Bd5 Nd3 35. Rc7 Rf8 36. b5 1-0

[Event "Remote No Engine Nah email"]
[Site "Remote email"]
[Date "2013.07.13"]
[Round "?"]
[White "Decking, Lutz"]
[Black "Klein, Werner"]
[Result "1-0"]
[WhiteElo "2104"]
[BlackElo "1658"]
[PlyCount "83"]
[EventDate "2013.??.??"]
[EventType "tourn (corr)"]
[EventRounds "6"]
[EventCountry "GER"]
[SourceTitle "Corr 2015"]
[Source "ChessBase"]
[SourceDate "2015.07.17"]
[SourceVersion "1"]
[SourceVersionDate "2015.07.17"]
[SourceQuality "1"]

1. d4 e6 2. c4 d5 3. Nf3 Be7 4. Nc3 Nf6 5. e3 0-0 6. a3 b6 7. b4 c5 8. b5 a6 9. Be2 Bd7 10. Ne5 axb5 11. Nxd7 Nbxd7 12. cxb5 c4 13. 0-0 e5 14. a4 Bb4 15. Na2 Ba5 16. Bb2 Re8 17. Nc3 exd4 18. Qxd4 Nc5 19. Bd1 Ne6 20. Qh4 Ne4 21. Qxd8 Raxd8 22. Nxe4 dxe4 23. Rc1 Rc8 24. Bc3 f5 25. Be2 g6 26. Bxa5 bxa5 27. Bxc4 Kf7 28. g3 Kf6 29. Bd5 h6 30. Rc6 Rxc6 31. Bxc6 Rc8 32. Rd1 Nc5 33. Rd6+ Kg5 34. Rd4 Nb3 35. Rd5 Rc7 36. h3 h5 37. Kg2 Na1 38. Rd6 Kh6 39. Be8 Rg7 40. b6 Nb3 41. Rc6 h4 42. Bxg6 1-0

[Event "Remote S5E No Engine-237 email"]
[Site "Remote email"]
[Date "2013.06.26"]
[Round "?"]
[White "Tortoza, Carlos Alberto"]
[Black "Decking, Lutz"]
[Result "0-1"]
[WhiteElo "1648"]
[BlackElo "2132"]
[PlyCount "136"]
[EventDate "2013.??.??"]
[EventType "tourn (corr)"]
[EventRounds "4"]
[EventCountry "GER"]
[SourceTitle "Corr 2015"]
[Source "ChessBase"]
[SourceDate "2015.07.17"]
[SourceVersion "1"]
[SourceVersionDate "2015.07.17"]
[SourceQuality "1"]

1. e4 e5 2. Nf3 Nc6 3. Bb5 a6 4. Bxc6 dxc6 5. d3 Bd6 6. 0-0 Nf6 7. Bg5 0-0 8. c4 b5 9. b3 Re8 10. h3 h6 11. Bh4 a5 12. Nc3 Ba6 13. a4 b4 14. Ne2 Bc5 15. Nh2 g5 16. Bg3 h5 17. Nf3 Nd7 18. Bh2 g4 19. hxg4 hxg4 20. Nd2 Qg5 21. Ng3 Bc8 22. Nf5 Nf6 23. g3 Rd8 24. Nb1 Kh7 25. Kg2 Qh5 26. Nh4 Nxe4 27. Qe2 Nf6 28. Nd2 Kg8 29. f4 gxf3+ 30. Ndxf3 Re8 31. Rae1 Bg4 32. Qd2 e4 33. Ng1 e3 34. Qb2 Nh7 35. d4 Bf8 36. Qc2 Re6 37. Rf5 Bxf5 38. Nxf5 Rae8 39. Nf3 Re4 40. Re2 Qxf5 41. Nh4 Qg4 42. d5 c5 43. Qd3 Rd4 44. Qc2 Qe4+ 45. Qxe4 Rexe4 46. Nf3 Rd3 47. Rb2 Bh6 48. Bg1 Rd2+ 49. Rxd2 exd2 50. Nxd2 Bxd2 51. Bxc5 Nf6 52. d6 cxd6 53. Bxd6 Ne8 54. Bc5 Bg5 55. Bb6 Re5 56. c5 Be3 57. Bxa5 Bxc5 58. Bd8 Re3 59. Bg5 Rxb3 60. Bf4 Ra3 61. Kh3 Rxa4 62. Kh4 b3 63. Kg5 b2 64. g4 b1Q 65. Kh5 Ng7+ 66. Kh4 Ra3 67. g5 Qh7+ 68. Kg4 Qh3# 0-1

[Event "Remote S5E No Engine-216 email"]
[Site "Remote email"]
[Date "2013.01.16"]
[Round "?"]
[White "Decking, Lutz"]
[Black "Pirs, Matjaz"]
[Result "0-1"]
[WhiteElo "2123"]
[BlackElo "2558"]
[PlyCount "46"]
[EventDate "2013.??.??"]
[EventType "tourn (corr)"]
[EventRounds "4"]
[EventCountry "GER"]
[SourceTitle "Corr 2015"]
[Source "ChessBase"]
[SourceDate "2015.07.17"]
[SourceVersion "1"]
[SourceVersionDate "2015.07.17"]
[SourceQuality "1"]

1. Nf3 c5 2. c4 Nc6 3. g3 e5 4. Nc3 g6 5. Bg2 Bg7 6. 0-0 d6 7. e4 Nge7 8. d3 0-0 9. a3 a5 10. b3 f5 11. Bg5 f4 12. Nd5 h6 13. Nxe7+ Nxe7 14. Bxe7 Qxe7 15. Nd2 h5 16. h3 Bd7 17. Nb1 Qg5 18. Qd2 Bh6 19. Nc3 f3 20. Qxg5 Bxg5 21. Bh1 Bxh3 22. Rfd1 h4 23. Kh2 Bg4 0-1

[Event "Remote S5E No Engine-216 email"]
[Site "Remote email"]
[Date "2013.01.16"]
[Round "?"]
[White "Decking, Lutz"]
[Black "Witt, Monika"]
[Result "1-0"]
[WhiteElo "2123"]
[BlackElo "1495"]
[PlyCount "95"]
[EventDate "2013.??.??"]
[EventType "tourn (corr)"]
[EventRounds "4"]
[EventCountry "GER"]
[SourceTitle "Corr 2015"]
[Source "ChessBase"]
[SourceDate "2015.07.17"]
[SourceVersion "1"]
[SourceVersionDate "2015.07.17"]
[SourceQuality "1"]

1. d4 d5 2. c4 e6 3. Nf3 Nc6 4. a3 h6 5. e3 b6 6. Nc3 a6 7. b4 dxc4 8. Bxc4 b5 9. Bb3 Nf6 10. 0-0 Bd6 11. e4 0-0 12. e5 Bxe5 13. dxe5 Qxd1 14. Rxd1 Nh5 15. Bb2 g5 16. Ne4 g4 17. Nd4 Nxd4 18. Bxd4 g3 19. fxg3 Bb7 20. Nc5 Bd5 21. Bc2 Rfd8 22. Be3 Kg7 23. Rd4 Ra7 24. Rg4+ Kh8 25. Bxh6 c6 26. Rg5 Nxg3 27. Rxg3 Bc4 28. Rd1 Rxd1+ 29. Bxd1 Kh7 30. Rh3 Kg6 31. Bc2+ f5 32. exf6+ Kxf6 33. Ne4+ Ke7 34. Be3 Rd7 35. Rh7+ Kd8 36. Bb6+ Kc8 37. Rxd7 Kxd7 38. Bc5 Ke8 39. Nd6+ Kd7 40. g4 Be2 41. h3 e5 42. Bf5+ Kc7 43. h4 Bd1 44. h5 Bb3 45. h6 Bd5 46. h7 e4 47. h8Q e3 48. Qc8# 1-0